000 00282nam a22001337a 4500
008 180115b xxu||||| |||| 00| 0 eng d
020 _a9781284001693
041 _aeng
080 _a573
100 _a11
101 _aBIO
245 _aGENERAL BOTANY
_cPAULA.S
942 _2udc
_cBK
999 _c40308
_d40308